| 000 | 01411nam2a2200265 4500 | ||
|---|---|---|---|
| 001 | RU\NLR\BIBL_A\022732564 | ||
| 005 | 20260327140042.0 | ||
| 010 |
_a978-5-907493-98-8 _9200 |
||
| 021 |
_aRU _bКН-П-25-081202 _9КН-П-25-7864 |
||
| 035 | _a(NLR Aleph) 022732564 | ||
| 090 |
_a13636031 _c13636031 |
||
| 100 | _a20260219d2025 u y0rusy50 ca | ||
| 101 | 0 | _arus | |
| 102 | _aRU | ||
| 105 | _aacbhj 010yy | ||
| 200 | 0 |
_aВып. 3 _eдля курсов русского языка как иностранного (B2-C1) _h[Цикл 1] _iЭкология планеты |
|
| 210 | _d2025 | ||
| 215 |
_a162, [1] с. _cил., цв. ил., карты, факс., портр., табл. |
||
| 300 | _aДоп. информ. в ссылках QR-кодов кн. | ||
| 300 | _aНа тит. с.: Златоуст. Нам 35 лет! | ||
| 461 | 0 |
_1001RU\NLR\BIBL_A\022732562 _12001#$aНадежда$eучебное пособие$fИрина Костина, Тамара Корнилова, Анна Голубева$vВып. 3 _1700#1$aКостина$bИ. С.$gИрина Сергеевна _913647340 _aКостина, И. С. _cСанкт-Петербург _d2021- _fИрина Костина, Тамара Корнилова, Анна Голубева _nЗлатоуст _oучебное пособие _tНадежда _vВып. 3 |
|
| 942 | _cBOOK | ||
| 980 | _aNB | ||